Most Streamed BROCKHAMPTON Songs - Statistics

General Stats
  • This quiz has been taken 44 times
  • The average score is 12 of 20
Answer Stats
# Streams Answer % Correct
7 111,145,523 BOOGIE
92%
1 539,019,795 SUGAR
79%
13 60,660,829 SUGAR (Remix)
79%
4 146,957,783 SWEET
79%
3 153,311,066 FACE
75%
6 114,812,631 GOLD
75%
2 261,590,236 BLEACH
71%
11 84,029,745 GUMMY
67%
9 98,379,841 BOY BYE
63%
5 117,421,504 1999 WILDFIRE
58%
12 77,758,117 RENTAL
58%
10 95,931,995 SUMMER
58%
14 58,544,615 ZIPPER
58%
20 39,715,640 QUEER
54%
8 99,443,196 NO HALO
50%
15 53,737,772 STAR
46%
16 47,413,181 WASTE
42%
18 41,835,178 NEW ORLEANS
29%
19 41,558,655 HOTTIE
25%
17 45,708,982 TOKYO
25%
No matching quizzes found
Score Distribution
Percent of People with Each Score
Percentile by Number Answered
Your Score History
You have not taken this quiz